1578 1756 1977 1485 1393 1031 1298 1906 1993 1483 1296 1669 1675 1286 1770 1966 1486 1002 1727 1022 1733 1741 1334 1621 1179 1582 1958 1364 1353 1049 1158 1472 1737 1107 1962 1584 1183 1726 1971 1845 1450 1625 1678 1039 1640 1155 1105 1442 1101 1306 1680 1758 1215 1381 1830 1334 1654 1687 1949 1364 1817 1385 1146 1765 1377 1310 1962 1921 1551 1362 1529 1660 1656 1515 1074 1191 1398 1813 1405 1791 1649 1840 1169 1787 1061 1100 1846 1774 1107 1105 1167 1072 1874 1108 1464 1060 1000 1724 1660 BCNSPRNW ULIB Ver.6.0+V

เปลี่ยนเป็นภาษาไทย

Change to English
 แสดงรายละเอียดบรรณานุกรม
  กลับหน้าหลัก

Brief Record : Get Marc (ISO 2709) : E-mail record : QR code < ปิดหน้าต่าง
LEADER : 00000nam 2200000uu 4500
001    13399125976
003     ULIB
008    171124s2557||||th 000 0 tha d
020 97 ^a9789740332879
050 PE ^aPE1068.T35 ^bธ743ก
100 ธู ^aธูปทอง กว้างสวาสดิ์
245 กา ^aการสอนภาษาอังกฤษด้วยเทคโนโลยี /^cธูปทอง กว้างสวาสดิ์
260 กร ^aกรุงเทพฯ : ^bสำนักพิมพ์แห่งจุฬาลงกรณ์มหาวิทยาลัย, ^c2557.
300 27 ^a271 หน้า : ^bภาพประกอบ; ^c26 ซม.
650 ภา ^aภาษาอังกฤษ ^xการศึกษาและการสอน
650  0 ^aภาษาอังกฤษ ^xการสอนด้วยสื่อ
945    ^p240^l0^i25708
999    ^aกัณชพร จุลอักษร
รายการนี้ยังไม่มีแท็ก
คุณยังไม่ได้ล็อกอิน คุณสามารถมีกิจกรรมร่วมกับเว็บไซต์ได้ แต่ต้องล็อกอินก่อน ::
  ล็อกอิน

รายการสื่อสารสนเทศ

ลำดับที่ ประเภท เลขเรียก/บาร์โค้ด สถานที่ สถานะ
1. วิทยาศาสตร์การแพทย์ และสุขภาพ
วิทยาศาสตร์การแพทย์ และสุขภาพ
PE1068.T35 ธ743ก ฉ.1 
  Barcode: 25708
ห้องสมุดวิทยาเขตนครสวรรค์
►หนังสือทั่วไป:l:General Books
บนชั้น

รายการใกล้เคียง
    ผู้แต่ง [ธูปทอง กว้างสวาสดิ์]

    หัวเรื่อง [ภาษาอังกฤษ การสอนด้วยสื่อ]

BibComment


ยังไม่เคยถูกคอมเมนท์

คอมเมนท์ทรัพยากรรายการนี้
  คอมเมนท์: การสอนภาษาอังกฤษ..


 Copyright 2026. Bcnsprnw @Library